| 000 | 00337 a2200145 4500 | ||
|---|---|---|---|
| 001 | 149457 | ||
| 040 | _cEscola São Tomás de Aquino | ||
| 100 | _aMURRAY, Roseana | ||
| 240 | 1 | 0 |
_aUm cachorro para Maya _lpor |
| 245 | 1 | 0 | _aUm cachorro para Maya |
| 362 | 0 | _a2003 | |
| 440 | 1 | _aSalamandra | |
| 697 | _a*LITERATURA INFANTO | ||
| 942 | _cBK | ||
| 999 |
_c149457 _d149457 |
||